Responses for Show #8812 - Tuesday, February 21, 2023

2023 High School Reunion Tournament quarterfinal game 2.

Contestants

[<< previous game]

Alison Purcell, a senior at the University of Texas at Austin from Bellaire, Texas

Jack Izzo, a senior at Northwestern University from San Diego, California

Avi Gupta, a senior at Stanford University from Portland, Oregon

[next game >>]

Jeopardy! Round responses

SO, WHAT HAVE YOU BEEN UP TO?
THEY MAKE IT
ADJECTIVES
ON TIKTOK
COLLEGE TOWNS
THE REST OF THE WORLD IN 2018 & '19
(Mayim: When you all were last on our show.)
    $200 30
a coyote

Jack
    $200 29
Apple

Avi
    $200 27
(Avi: What is elliptic?)

eccentric

AviAlison
    $200 22
musical chairs

Avi
    $200 28
Chapel Hill

Alison
    $200 24
Mercury

Avi
    $400 25
Argentina

Avi
    $400 23
Nike

Avi
    $400 17
fragile

Jack
    $400 21
a treadmill

Alison
    $400 26
(William) Faulkner

Avi
    $400 19
drones

Alison
    $600 20
(Avi: Who is Buttigieg?)

the Department of Homeland Security

AviJack
    $600 18
Dairy Queen

Avi
    $600 14
austere

Alison
    $600 15
(Alison: What are pancakes?)
(Jack: Is that a--what is a marshmallow?)

cloud bread

JackAlison
Triple Stumper
    $600 9
Athens

Jack
    $600 16
the DMZ

Avi
    $800 11
fusion

Jack
    $800 12
Keurig

Alison
    $800 13
abysmal

Avi
    $800 1
[Alison made the first selection.]

a Pug

Jack
    $800 5
NOAA (the National Oceanic and Atmospheric Administration)

Jack
    $800 8
drive (automobiles)

Alison
    $1000 10
Esperanto

Alison
    $1000 2
(Avi: What is Fender?)

Gibson

AviJack
    $4,600 6
iridescent

Jack
    $1000 4
[Mayim corrects Jack's pronunciation of the last name said to rhyme with "fame" to its 2-syllable pronunciation of "Lah-may".]

Khaby Lame

Jack
    $1000 3
(Avi: What's Syracuse?)

Ithaca

AviJack
    $1000 7
Syria

Alison

Scores at the first commercial break (after clue 15):

Avi Jack Alison
-$1,200 $10,000 $3,600

Scores at the end of the Jeopardy! Round:

Avi Jack Alison
$1,000 $11,200 $4,800

Double Jeopardy! Round responses

HOME COMING
TRIOS
POP CULTURE HIGH SCHOOL REUNIONS
THE ELEMENTS
SHAKESPEARE'S WOMEN
FROM "E" TO "Y"
(Mayim: Those are the first and last letters of each response.)
    $400 23
Bill Gates

Alison
    $400 28
Crackle

Jack
    $400 30
Lisa Kudrow

Alison
    $400 16
krypton

Alison
    $400 11
Desdemona

Avi
    $400 21
an elegy

Avi
    $800 29
Ronald Reagan

Alison
    $800 20
Wales

Jack
    $800 25
after party

Alison
    $7,400 15
(Avi: Not gonna get rid of me that easily.)
(Jack: Well done.)

titanium

Avi
    $800 27
Portia

Avi
    $800 22
Embassy Row

Avi
    $1200 13
Downton Abbey

Alison
    $1200 19
Haim

Alison
    $1200 26
Yellowjackets

Alison
    $1200 7
(Avi: What is mercury?)

lithium

AviJack
    $1200 4
Twelfth Night

Alison
    $1200 1
elementary

Alison
    $1600 14
(Alison: Who is Priscilla Presley?)

Lisa (Marie) Presley

AviAlison
    $5,000 18
(Alison: What is an exorcism?)

excommunication

Alison
    $1600 17
Grosse Pointe

Triple Stumper
    $1600 9
bromine

Jack
    $1600 5
Goneril, Regan & Cordelia

Alison
    $1600 2
ebony

Avi
    $2000 24
the Vanderbilts

Jack
    $2000 8
Calhoun

Avi
    $2000 10
Jenna Dewan (formerly Jenna Dewan-Tatum)

Triple Stumper
    $2000 12
tennessine

Jack
    $2000 6
Rosaline

Alison
    $2000 3
eleventy

Avi

Scores at the end of the Double Jeopardy! Round:

Avi Jack Alison
$16,800 $19,200 $10,600

[wagering suggestions for these scores]

Final Jeopardy! Round responses

CURRENT WORLD LEADERS
(Mayim: [To Avi] Ferdinand Marcos Jr., also known as "Bongbong".)
AlisonWhat is Spain?
$10,599
AviWhat are The Phillip Philippines? Thank you Mom
$4,500
JackWhat is Ukraine?
$14,401
the Philippines

Final scores:

Avi Jack Alison
$21,300 $4,799 $1
Winner: semifinalist 2nd place: $5,000 3rd place: $5,000

Game dynamics:

Coryat scores:

Avi Jack Alison
$10,200 $15,600 $15,600
18 R
(including 1 DD),
5 W
17 R
(including 1 DD),
1 W
21 R,
3 W
(including 1 DD)

Combined Coryat: $41,400

[game clues] [game scores] [suggest correction]

Game tape date: 2023-01-29
The J! Archive is created by fans, for fans. Scraping, republication, monetization, and malicious use prohibited; this site may use cookies and collect identifying information. See terms. The Jeopardy! game show and all elements thereof, including but not limited to copyright and trademark thereto, are the property of Jeopardy Productions, Inc. and are protected under law. This website is not affiliated with, sponsored by, or operated by Jeopardy Productions, Inc. Join the discussion at JBoard.tv.